000
00201 a2200109 4500
020
_a
978-1-4165-3707-6
041
_a
eng
100
_a
jance, j.a
245
_a
web of evil
942
_c
BK
952
_7
1
999
_c
17977
_d
17977